000 00337nam a2200133Ia 4500
005 20260328101522.0
008 260328s9999||||xx |||||||||||||| ||und||
100 _aYeang, Ken
245 0 _aGreen Design :
_b From Theory to Practice /
_cKen Yeang
260 _bBlack Dog
300 _a143 p.
650 _aARQUITECTURA Y CLIMA
942 _cBK
999 _c9647
_d9647